Catálogo público

Producción de harina de lombriz (Eisenia foetida Savigny) para el consumo humano y su aplicación en el enriquecimiento de un producto lácteo / (Record no. 177470)

MARC details
000 -CABECERA
campo de control de longitud fija 02994nam a2200421Ia 4500
001 - NÚMERO DE CONTROL
campo de control dia_6303
003 - IDENTIFICADOR DEL NÚMERO DE CONTROL
campo de control CHAP
005 - FECHA Y HORA DE LA ÚLTIMA TRANSACCIÓN
campo de control 20240813130126.0
007 - CAMPO FIJO DE DESCRIPCIÓN FÍSICA--INFORMACIÓN GENERAL
campo de control de longitud fija ta
008 - DATOS DE LONGITUD FIJA--INFORMACIÓN GENERAL
campo de control de longitud fija 220117s2016 mx ado frm 001 0 spa d
010 ## - NÚMERO DE CONTROL DE LA BIBLIOTECA DEL CONGRESO
Número de control de LC 177470
040 ## - FUENTE DE LA CATALOGACIÓN
Centro catalogador/agencia de origen mxchpua
Centro/agencia transcriptor CHAP
041 0# - CÓDIGO DE LENGUA
Código de lengua del texto/banda sonora o título independiente spa
090 ## - LOCALMENTE ASIGNADO TIPO-LC NÚMERO DE CLASIFICACIÓN (OCLC); NÚMERO DE CLASIFICACIÓN LOCAL (RLIN)
Número de clasificación (OCLC) (R) ; Numero de clasificación, CALL (RLIN) (NR) Tesis
Número cutter local (OCLC) ; Número de libro/Signatura topográfica íntegra, CALL (RLIN) O86
año 2016
100 1# - ENTRADA PRINCIPAL--NOMBRE DE PERSONA
Nombre de persona Osorio Hernández, Selene Maribel
245 10 - MENCIÓN DE TÍTULO
Título Producción de harina de lombriz (Eisenia foetida Savigny) para el consumo humano y su aplicación en el enriquecimiento de un producto lácteo /
Mención de responsabilidad, etc. Selene Maribel Osorio Hernández y Arlen Pérez Martínez
264 ## - PRODUCCIÓN, PUBLICACIÓN, DISTRIBUCIÓN, FABRICACIÓN Y COPYRIGHT
Producción, publicación, distribución, fabricación y copyright Chapingo, México :
Nombre del de productor, editor, distribuidor, fabricante El autor,
Fecha de producción, publicación, distribución, fabricación o copyright 2016
300 ## - DESCRIPCIÓN FÍSICA
Extensión 93 hojas :
Otras características físicas ilustraciones, tablas, gráficas, fotos +
Material acompañante/anejo 1 CD-ROM
336 ## - TIPO DE CONTENIDO
Fuente rdacontent
Término de tipo de contenido texto
Código de tipo de contenido txt
337 ## - TIPO DE MEDIO
Fuente rdamedia
Nombre/término del tipo de medio no mediado
Código del tipo de medio n
338 ## - TIPO DE SOPORTE
Fuente rdacarrier
Nombre/término del tipo de soporte volumen
Código del tipo de soporte nc
502 ## - NOTA DE TESIS
Nota de tesis Tesis
Tipo de título (Ingeniero Agroindustrial) --
Nombre de la institución que otorga el título UACh. Departamento de Ingeniería Agroindustrial,
Año de obtención del título 2016
504 ## - NOTA DE BIBLIOGRAFÍA, ETC.
Nota de bibliografía, etc. Bibliografía: hojas 76-83
520 3# - SUMARIO, ETC.
Sumario, etc. La lombricultura ha despertado, en los últimos años, un gran interés por su repercusión en el ámbito nutricional y ecológico. Esta biotecnología utiliza la lombriz Eisenia fetida (comúnmente conocida como roja californiana) como una alternativa de reciclaje de desechos orgánicos de diferentes orígenes y como una fuente no convencional de proteínas y otros nutrientes, a bajo costo. La harina de lombriz se caracteriza por su elevado contenido proteico (> 60 % p/p, base seca), de interés nutricional ya que proporciona aminoácidos esenciales para la dieta humana por ser rica en proteína y, se obtiene a muy bajo costo debido a que las lombrices se alimentan de desechos orgánicos y se reproducen rápidamente. En algunos países la harina de lombriz se ha introducido en la preparación de alimentos destinados a la nutrición humana debido a que contiene 18 aminoácidos esenciales entre lo cuales se encuentran: alanina, arginina, ácido glutámico, ácido aspártico, leucina, lisina, cisteína, glicina, histidina, isoleucina, metionina, fenilalanina, prolina, serina, triptofano, treonina, tiosina y valina (>3 % p/p); así como también, se destina para la explotación intensiva de bovinos, gallinas, pollos, camarón, peces, entre otros. Como alimento vivo se emplea en la cría de ranas, pesca deportiva y piscicultura en general.
650 13 - PUNTO DE ACCESO ADICIONAL DE MATERIA--TÉRMINO DE MATERIA
Término de materia o nombre geográfico como elemento de entrada Eisenia fetida
Subdivisión general Harina
-- Producción
Fuente del encabezamiento o término atg
650 13 - PUNTO DE ACCESO ADICIONAL DE MATERIA--TÉRMINO DE MATERIA
Término de materia o nombre geográfico como elemento de entrada Productos lácteos
Fuente del encabezamiento o término atg
650 13 - PUNTO DE ACCESO ADICIONAL DE MATERIA--TÉRMINO DE MATERIA
Término de materia o nombre geográfico como elemento de entrada Eisenia fetida
Subdivisión general Flour
-- Production
Fuente del encabezamiento o término atg
650 13 - PUNTO DE ACCESO ADICIONAL DE MATERIA--TÉRMINO DE MATERIA
Término de materia o nombre geográfico como elemento de entrada Dairy products
Fuente del encabezamiento o término atg
700 1# - PUNTO DE ACCESO ADICIONAL--NOMBRE DE PERSONA
Nombre de persona Pérez Martínez, Arlen
Término indicativo de función/relación autor
700 1# - PUNTO DE ACCESO ADICIONAL--NOMBRE DE PERSONA
Nombre de persona Vidal Bello, Juan
Término indicativo de función/relación director
700 1# - PUNTO DE ACCESO ADICIONAL--NOMBRE DE PERSONA
Nombre de persona Santos Moreno, Armando
Término indicativo de función/relación asesor
700 1# - PUNTO DE ACCESO ADICIONAL--NOMBRE DE PERSONA
Nombre de persona Sosa Montes, Eliseo
Término indicativo de función/relación asesor
856 41 - LOCALIZACIÓN Y ACCESO ELECTRÓNICOS
Identificador Uniforme del Recurso <a href="http://10.13.5.2/tesis/sist113011.pdf">http://10.13.5.2/tesis/sist113011.pdf</a>
Texto de enlace DESCARGAR PDF
901 ## - ELEMENTOS DE DATOS A LOCAL LDA (RLIN)
a TESIS O86 2016
942 ## - ELEMENTOS DE PUNTO DE ACCESO ADICIONAL (KOHA)
Tipo de ítem Koha TESIS
Fuente del sistema de clasificación o colocación Clasificación Universidad Autónoma Chapingo
902 ## - ELEMENTOS DE DATOS B LOCAL, LDB (RLIN)
a M
905 ## - ELEMENTOS DE DATOS E LOCAL, LDE (RLIN)
a 5232272016 mx dnml8223123322spa16
Holdings
Estado de retiro Estado de pérdida Fuente del sistema de clasificación o colocación Estado dañado Restricciones de uso No para préstamo Código de colección Localización permanente Ubicación/localización actual Fecha de adquisición Fuente de adquisición Total de préstamos Signatura topográfica completa Código de barras Fecha visto por última vez Número de copia Precio válido a partir de Tipo de ítem Koha Ubicación en estantería
    Clasificación Universidad Autónoma de Chapingo   Préstamo interno   Tesis Ingenieria Agroindustrial Ingenieria Agroindustrial 18/01/2016 El autor   Tesis O86 2016 1101010336 18/01/2022 Ej.2 18/01/2016 CD  
    Clasificación Universidad Autónoma de Chapingo   Préstamo interno   Tesis Ingenieria Agroindustrial Ingenieria Agroindustrial 18/01/2016 El autor   Tesis O86 2016 1101010335 02/02/2026 Ej.1 18/01/2016 Tesis  
    Clasificación Universidad Autónoma de Chapingo       Tesis digitales de Licenciatura Ingenieria Agroindustrial Ingenieria Agroindustrial 18/01/2016 El autor     1201010335 13/08/2024   13/08/2024 Tesis digital En línea